[Event "TUR-ch"]
[Site "Antalya"]
[Date "2013.02.03"]
[Round "2"]
[White "Hajiyev, Shahin Qabil"]
[Black "Cevrin, Muhammet Cemre"]
[Result "0-1"]
[WhiteElo "2099"]
[BlackElo "1824"]
[PlyCount "95"]
[EventDate "2013.02.02"]
[EventType "swiss"]
[EventRounds "11"]
[EventCountry "TUR"]
[SourceTitle "CBM 152 Extra"]
[Source "ChessBase"]
[SourceDate "2013.02.25"]
[SourceVersion "1"]
[SourceVersionDate "2013.02.25"]
[SourceQuality "1"]

1. d4 f5 2. g3 Nf6 3. Bg2 g6 4. c4 Bg7 5. Nf3 0-0 6. 0-0 d6 7. Nc3 Qe8 8. d5 Na6 9. Nd4 Bd7 10. Rb1 c6 11. b3 Rc8 12. Bb2 Qf7 13. e3 Nc5 14. dxc6 bxc6 15. Nde2 g5 16. Ba3 Ne6 17. f4 gxf4 18. exf4 Rfd8 19. Qd3 Ne8 20. Rbd1 N8c7 21. Qe3 Re8 22. Kh1 c5 23. Qc1 Nd4 24. Nxd4 Bxd4 25. Ne2 Qf6 26. Nxd4 cxd4 27. Qd2 e5 28. g4 Na6 29. fxe5 dxe5 30. gxf5 Kh8 31. Qf2 Rg8 32. Be4 Rg4 33. Bd5 Nc7 34. Rg1 Nxd5 35. Rxg4 Ne3 36. Rdxd4 exd4 37. Rg3 Qxf5 38. Qxf5 Nxf5 39. Rg5 Rg8 40. Rxg8+ Kxg8 41. Kg2 Bc6+ 42. Kf2 Kf7 43. Bc5 a6 44. Ke2 Be4 45. b4 Ke6 46. a4 Kd7 47. a5 Kc6 48. Ba7 0-1

[Event "TUR-ch"]
[Site "Kemer"]
[Date "2012.02.01"]
[Round "6"]
[White "Sentug, Halil"]
[Black "Cevrin, Muhammet Cemre"]
[Result "1/2-1/2"]
[WhiteElo "1936"]
[BlackElo "1806"]
[PlyCount "114"]
[EventDate "2012.01.29"]
[EventType "swiss"]
[EventRounds "10"]
[EventCountry "TUR"]
[SourceTitle "CBM 146 Extra"]
[Source "ChessBase"]
[SourceDate "2012.02.29"]
[SourceVersion "1"]
[SourceVersionDate "2012.02.29"]
[SourceQuality "1"]

1. d4 Nf6 2. Nf3 g6 3. c4 Bg7 4. Nc3 d5 5. e3 0-0 6. Bd3 c6 7. b3 Nbd7 8. 0-0 b6 9. Bb2 Bb7 10. cxd5 Nxd5 11. Nxd5 cxd5 12. Rc1 Rc8 13. Qe2 Nb8 14. Ba3 Qd7 15. Bb5 Qe6 16. Ng5 Qf6 17. f4 Rxc1 18. Rxc1 Rc8 19. Rxc8+ Bxc8 20. Qc2 Bd7 21. Bxd7 Nxd7 22. Qc8+ Nf8 23. h3 h6 24. Nf3 Qe6 25. Qxe6 Nxe6 26. Bxe7 f6 27. Kf2 Kf7 28. Bd6 Ke8 29. Nh4 Kd7 30. Bb4 a5 31. Ba3 Bf8 32. Bxf8 Nxf8 33. g4 Kc6 34. a4 b5 35. f5 bxa4 36. bxa4 g5 37. Nf3 Nd7 38. Nd2 Nb6 39. Nb3 Nxa4 40. Nxa5+ Kb6 41. Nb3 Kc6 42. Nd2 Kd6 43. e4 Nc3 44. Kf3 Nd1 45. exd5 Kxd5 46. Ne4 Kxd4 47. Nxf6 Ke5 48. Ng8 h5 49. f6 Ke6 50. gxh5 Kf7 51. Kg4 Nf2+ 52. Kf5 Kxg8 53. Kg6 Nxh3 54. h6 Nf4+ 55. Kf5 Nh5 56. f7+ Kxf7 57. Kxg5 Nf6 1/2-1/2